MAASAI MARA UNIVERSITY

LIBRARY CATALOGUE

Contact Us: +254 020 2685356/7 or 0774 057787

Box: 861-20500, NAROK, KENYA

Email: info@mmarau.ac.ke

Ablowitz Mark J (Record no. 277)

MARC details
000 -LEADER
fixed length control field 00401nam a2200145Ia 4500
008 - FIXED-LENGTH DATA ELEMENTS--GENERAL INFORMATION
fixed length control field 151015s9999 xx 000 0 und d
020 ## - INTERNATIONAL STANDARD BOOK NUMBER
International Standard Book Number 521682150
050 ## - LIBRARY OF CONGRESS CALL NUMBER
Classification number QA33.7.A2003
245 ## - TITLE STATEMENT
Title Ablowitz Mark J
250 ## - EDITION STATEMENT
Edition statement _Complex variables introduction and applications 92nd ed)
260 ## - PUBLICATION, DISTRIBUTION, ETC. (IMPRINT)
Place of publication, distribution, etc. 2nd Ed.
300 ## - PHYSICAL DESCRIPTION
Extent UK cambridge 2003
650 ## - SUBJECT ADDED ENTRY--TOPICAL TERM
Topical term or geographic name as entry element _variables
700 ## - ADDED ENTRY--PERSONAL NAME
Personal name ^d20110118 03:39:38^okilerai

No items available.

© 2016 Maasai Mara University.